<?xml version="1.0" encoding="UTF-8"?>
<record
    xmlns:xsi="http://www.w3.org/2001/XMLSchema-instance"
    xsi:schemaLocation="http://www.loc.gov/MARC21/slim http://www.loc.gov/standards/marcxml/schema/MARC21slim.xsd"
    xmlns="http://www.loc.gov/MARC21/slim">

  <leader>00474nam a22001577a 4500</leader>
  <datafield tag="020" ind1=" " ind2=" ">
    <subfield code="a">9780857199096</subfield>
  </datafield>
  <datafield tag="040" ind1=" " ind2=" ">
    <subfield code="c">NUSt</subfield>
  </datafield>
  <datafield tag="082" ind1=" " ind2=" ">
    <subfield code="a">322.4019,HOU</subfield>
  </datafield>
  <datafield tag="100" ind1=" " ind2=" ">
    <subfield code="a">Housel, Morgan</subfield>
    <subfield code="9">134450</subfield>
  </datafield>
  <datafield tag="245" ind1=" " ind2=" ">
    <subfield code="a">The psychology of money:</subfield>
    <subfield code="b">timeless lessons on wealth, greed, and happiness /</subfield>
    <subfield code="c">Morgan Housel</subfield>
  </datafield>
  <datafield tag="260" ind1=" " ind2=" ">
    <subfield code="a">British</subfield>
    <subfield code="b">Harriman House</subfield>
    <subfield code="c">2021</subfield>
  </datafield>
  <datafield tag="300" ind1=" " ind2=" ">
    <subfield code="a">viii,242 p.;</subfield>
  </datafield>
  <datafield tag="650" ind1=" " ind2=" ">
    <subfield code="a">emotions</subfield>
    <subfield code="9">134451</subfield>
  </datafield>
  <datafield tag="651" ind1=" " ind2=" ">
    <subfield code="a">financial decisions</subfield>
    <subfield code="9">134452</subfield>
  </datafield>
  <datafield tag="942" ind1=" " ind2=" ">
    <subfield code="2">ddc</subfield>
    <subfield code="c">BK</subfield>
    <subfield code="k">322.4019,HOU</subfield>
  </datafield>
  <datafield tag="999" ind1=" " ind2=" ">
    <subfield code="c">617442</subfield>
    <subfield code="d">617442</subfield>
  </datafield>
  <datafield tag="952" ind1=" " ind2=" ">
    <subfield code="0">0</subfield>
    <subfield code="1">0</subfield>
    <subfield code="2">ddc</subfield>
    <subfield code="4">0</subfield>
    <subfield code="7">0</subfield>
    <subfield code="a">MCS</subfield>
    <subfield code="b">MCS</subfield>
    <subfield code="c">GEN</subfield>
    <subfield code="d">2026-05-13</subfield>
    <subfield code="l">0</subfield>
    <subfield code="o">322.4019,HOU</subfield>
    <subfield code="p">MCS39009</subfield>
    <subfield code="r">2026-05-13</subfield>
    <subfield code="w">2026-05-13</subfield>
    <subfield code="y">BK</subfield>
  </datafield>
</record>
